|
|
|
|
| LEADER |
01195nam a2200289 a 4500 |
| 001 |
14131090 |
| 008 |
130411s2006 flua b 001 0 eng d |
| 010 |
|
|
|a 2005028874
|
| 020 |
|
|
|a 1574445634 (alk. paper)
|
| 040 |
|
|
|a DLC
|c DLC
|d DLC
|d BD-DhAAL
|
| 082 |
0 |
0 |
|a 338.9/27
|2 22
|
| 245 |
0 |
0 |
|a Sustainable development policy and administration /
|c edited by Gedeon M. Mudacumura, Desta Mebratu, M. Shamsul Haque.
|
| 260 |
|
|
|a Boca Raton :
|b CRC/Taylor & Francis,
|c 2006.
|
| 300 |
|
|
|a xv, 694 p. :
|b ill. ;
|c 25 cm.
|
| 490 |
0 |
|
|a Public administration and public policy ;
|v 118
|
| 504 |
|
|
|a Includes bibliographical references and index.
|
| 541 |
|
|
|e 00026876
|
| 650 |
|
0 |
|a Sustainable development
|x Government policy.
|
| 650 |
|
0 |
|a Economic development
|x Environmental aspects.
|
| 650 |
|
0 |
|a Environmental policy.
|
| 650 |
|
0 |
|a Economic policy.
|
| 700 |
1 |
|
|a Mudacumura, Gedeon M.
|
| 700 |
1 |
|
|a Mebratu, Desta.
|
| 700 |
1 |
|
|a Haque, M. Shamsul.
|
| 852 |
1 |
|
|a Ayesha Abed Library
|c General shelf.
|
| 999 |
|
|
|c 13296
|d 13296
|
| 952 |
|
|
|0 0
|1 0
|2 ddc
|4 0
|6 338_927000000000000_SUS
|7 0
|9 22186
|a IGS
|b IGS
|c GEN
|d 2013-04-11
|e Trim Education
|g 5500.00
|l 1
|m 2
|o 338.927 SUS
|p 3010026876
|r 2014-06-10
|s 2013-05-07
|t 1
|w 2013-04-11
|y BK
|